| 000 | 008950am a22002890004500 | ||
|---|---|---|---|
| 003 | EG-GiCUC | ||
| 008 | 930611s1993 quc b 001 0 eng d | ||
| 010 | _a 95122422 | ||
| 015 | _aC93-90420-6 | ||
| 020 |
_a0773511245 : _c$49.95 |
||
| 040 |
_aCaOONL _beng _cCaOONL _dAU _dWU _dDLC |
||
| 050 | 0 | 0 |
_aH51 _b.M4 1993 |
| 092 | 0 | 4 |
_a300.9 _bM1356 _221 |
| 099 |
_a04 _a300.9 M1356 |
||
| 100 | 1 | _aMcDonald, Lynn. | |
| 245 | 1 | 4 |
_aThe early origins of the social sciences / _cLynn McDonald. |
| 260 |
_aMontreal ; _aBuffalo : _bMcGill-Queen's University Press, _c1993. |
||
| 300 |
_aix, 397 p. ; _c24 cm. |
||
| 504 | _aIncludes bibliographical references (p. [349]-383) and index. | ||
| 650 | 0 |
_aSocial sciences _xHistory. |
|
| 650 | 6 |
_aSciences sociales _xHistoire. |
|
| 902 | _a1 | ||
| 905 |
_aEman _eRev |
||
| 905 |
_aIbrahim _eCat |
||
| 942 |
_2ddc _cBK |
||
| 999 |
_c108406 _d108406 |
||